00882nam a2200265 a 4500001001000000003000900010005001700019007001000036008004100046020001800087040002200105092001500127100001900142245010100161260003800262300002700300490003000327700002400357830003200381942001200413945003900425952009800464956003900562999001500601000045696DO-SdBNP20180327142430.0000045696150428s2014 dr a 000 0 spa d a9789945007541 aBPMEtbspacBPMET axxxxbxxxx1 aPhipps, Miguel13aLa triste historia del pececito alegre /cMiguel Phipps ; diseño e ilustración Ohanda Coste. aSanto Domingo :bCorripio,c2014. a20 p. :bil. ;c28 cm.1 aInfantil Melina Phippsv312aCoste, Ohanda,eil. 0aInfantil Melina Phipps ;n3 2ddccBK aRemanejado para la BNPHU / 2018 VM 00102ddc40708CI-DaBPMETbBPMETd2015-06-02l0pBPMET15060011r2015-06-02w2015-06-02yBK aVMATEOb10c20150602lBPMSUh00151 c7898d7898